| 000 | 01079nam2a2200265 4500 | ||
|---|---|---|---|
| 001 | RU\NLR\bibl\1029871 | ||
| 005 | 20250615000546.0 | ||
| 010 |
_a5-7057-1095-X _95000 |
||
| 021 |
_aRU _b2006-75405 _93814 |
||
| 035 | _a(NLR Aleph) 001017347 | ||
| 090 |
_a676447 _c676447 |
||
| 100 | _a20070112d2007 |||y0rusy50 ca | ||
| 101 | 0 | _arus | |
| 102 | _aRU | ||
| 105 | _aa ||||||||| | ||
| 200 | 0 | _aЧ. 1 | |
| 210 |
_d2007 _aБ. м. |
||
| 215 |
_a167 с. _cил. |
||
| 300 | _aКн. фактически издана в 2006 г. | ||
| 461 | 0 |
_1001RU\NLR\bibl\1036016 _12001#$aОкружающий мир$vЧ. 1 _9713141 _cВолгоград _d2007 _fИзд-во "Учитель" _nУчитель _o4 класс : поурочные планы по учебнику Д.Д. Данилова, Г.Э. Белицкой, Н.В. Ивановой, С.С. Кузнецовой, С.В. Тырина "Человек и человечество" _tОкружающий мир _vЧ. 1 |
|
| 801 | 0 |
_aRU _bNLR _c20070112 _gRCR |
|
| 801 | 1 |
_aRU _bNLR _c20070112 |
|
| 942 | _cBOOK | ||
| 980 | _aNB | ||